Two countries separated by a common language #2 - Statistics

General Stats
  • This quiz has been taken 23 times
  • The average score is 10 of 15
Answer Stats
Hint Answer % Correct
Soccer Football
100%
French fries Chips
96%
Chips Crisps
91%
Apartment Flat
91%
Fall Autumn
83%
Cookie Biscuit
83%
1st Floor Ground Floor
78%
Drapes Curtains
61%
Zucchini Courgette
52%
Stroller Pram
48%
Drug Store/Pharmacy Chemist
43%
Pacifier Dummy
39%
Attorney Solicitor
39%
Wrench Spanner
35%
Antenna Aerial
13%
No matching quizzes found
Score Distribution
Percent of People with Each Score
Percentile by Number Answered
Your Score History
You have not taken this quiz